Dictionary of idioms & phrases (Record no. 6034)
[ view plain ]
| 000 -LEADER | |
|---|---|
| fixed length control field | 00740 a2200193 4500 |
| 005 - DATE AND TIME OF LATEST TRANSACTION | |
| control field | 20080825122658.0 |
| 008 - FIXED-LENGTH DATA ELEMENTS--GENERAL INFORMATION | |
| fixed length control field | 080825t xxu||||| |||| 00| 0 eng d |
| 010 ## - LIBRARY OF CONGRESS CONTROL NUMBER | |
| LC control number | ENG-87119 |
| 020 ## - INTERNATIONAL STANDARD BOOK NUMBER | |
| Terms of availability | 250.00 |
| International Standard Book Number | 81-7564-051-0 |
| 035 ## - SYSTEM CONTROL NUMBER | |
| System control number | EN-70652 |
| 037 ## - SOURCE OF ACQUISITION | |
| Source of stock number/acquisition | DBAD / PUB |
| 082 ## - DEWEY DECIMAL CLASSIFICATION NUMBER | |
| Classification number | 483.1 |
| 245 ## - TITLE STATEMENT | |
| Title | Dictionary of idioms & phrases |
| Statement of responsibility, etc | compiled by Sudesh Puri |
| 260 ## - PUBLICATION, DISTRIBUTION, ETC. (IMPRINT) | |
| Place of publication, distribution, etc | Delhi |
| Name of publisher, distributor, etc | Sahni Publications |
| Date of publication, distribution, etc | 2007 |
| 270 ## - ADDRESS | |
| Address | 4777, Mitra Gali, Roshanara Road, |
| Postal code | 110 007 |
| Telephone number | 23822006, 23820751 |
| 300 ## - PHYSICAL DESCRIPTION | |
| Extent | 352 p. |
| Dimensions | 21 cm ( Hb.) |
| 942 ## - ADDED ENTRY ELEMENTS (KOHA) | |
| Institution code [OBSOLETE] | dpl |
| Koha item type | English Books |
| Call number prefix | 483.1 / DIC |
| Source of classification or shelving scheme | Dewey Decimal Classification |
| Classification part | 483.1 |
| Call number suffix | DIC |
| Withdrawn status | Lost status | Damaged status | Not for loan | Home library | Current library | Date acquired | Cost, normal purchase price | Total Checkouts | Full call number | Barcode | Date last seen | Copy number | Uniform Resource Identifier | Cost, replacement price | Price effective from | Koha item type |
|---|---|---|---|---|---|---|---|---|---|---|---|---|---|---|---|---|
| D.B.Act.Division | D.B.Act.Division | 25/08/2008 | 250.00 | 483.1 DIC | EN-70652 | 15/09/2008 | 1 | 6531 | 250.00 | 15/09/2008 | English Books |
